Loading...
| Fine Arts - Classical Music | 0 | 6 | 2 | 0 | 50 | 36 | 64.33 | 6 | 6 | 0.00 | 0.00 |
| History - American | 0 | 5 | 1 | 1 | 45 | 73 | 101.40 | 1 | 5 | 0.00 | 0.00 |
| Fine Arts - Painting and Sculpture | 0 | 4 | 0 | 0 | 40 | 83 | 113.50 | 0 | 3 | 0.00 | 0.00 |
| Science - Chemistry | 0 | 4 | 1 | 0 | 35 | 97 | 108.00 | 1 | 3 | 0.00 | 0.00 |
| Fine Arts - Other | 0 | 4 | 1 | 0 | 35 | 69 | 98.75 | 3 | 4 | 0.00 | 0.00 |
| History - European | 0 | 4 | 1 | 1 | 35 | 41 | 101.75 | 1 | 3 | 0.00 | 0.00 |
| History - World | 0 | 4 | 1 | 0 | 35 | 82 | 92.75 | 2 | 4 | 0.00 | 0.00 |
| Science - Biology | 0 | 4 | 2 | 0 | 30 | 48 | 67.00 | 3 | 4 | 0.00 | 0.00 |
| Literature - World | 0 | 3 | 0 | 0 | 30 | 105 | 124.00 | 0 | 2 | 0.00 | 0.00 |
| History - Other | 0 | 3 | 0 | 0 | 30 | 79 | 107.33 | 1 | 3 | 0.00 | 0.00 |
| Literature - British | 0 | 2 | 0 | 1 | 20 | 107 | 126.50 | 0 | 2 | 0.00 | 0.00 |
| Literature - European | 0 | 2 | 0 | 0 | 20 | 129 | 131.50 | 0 | 1 | 0.00 | 0.00 |
| Literature - American | 0 | 2 | 1 | 0 | 15 | 86 | 103.00 | 0 | 1 | 0.00 | 0.00 |
| Current Events | 0 | 1 | 0 | 0 | 10 | 114 | 114.00 | 0 | 0 | 0.00 | 0.00 |
| Mythology | 0 | 1 | 0 | 0 | 10 | 102 | 102.00 | 0 | 1 | 0.00 | 0.00 |
| Religion | 0 | 2 | 2 | 0 | 10 | 40 | 76.50 | 2 | 2 | 0.00 | 0.00 |
| Science - Physics | 0 | 1 | 0 | 0 | 10 | 107 | 107.00 | 0 | 1 | 0.00 | 0.00 |
| Social Science | 0 | 1 | 1 | 0 | 5 | 46 | 46.00 | 1 | 1 | 0.00 | 0.00 |
| Philosophy | 0 | 1 | 1 | 0 | 5 | 128 | 128.00 | 0 | 0 | 0.00 | 0.00 |
| Science - Other | 0 | 0 | 1 | 0 | -5 | 0.00 | 0 | 0 | 0.00 | 0.00 |